| 000 | 00424nam a2200169Ia 4500 | ||
|---|---|---|---|
| 008 | 100218t1997 xxu||||| |||| 00| 0 sin d | ||
| 041 | _asin | ||
| 080 |
_aX8S31 _bTIL |
||
| 100 | _aThilakarathna, Rathnayaka | ||
| 245 | _aවර්ණ අන්ධයෝ | ||
| 246 | _aWarna Andayo | ||
| 260 |
_bSara _aKottawa _c1997 |
||
| 300 | _a242p., 16 cm | ||
| 942 | _cBK | ||
| 999 |
_c71237 _d71237 |
||
| 003 | LK-CoDNM | ||
| 040 |
_aLK-CoDNM _dLK-CoDNM _eLK-CoDNM |
||